书目信息 |
| 题名: |
突变理论在岩体系统动力失稳中的应用
|
|
| 作者: | 潘岳 , 王志强 , 张勇 著 | |
| 分册: | ||
| 出版信息: | 北京 科学出版社 2008.06 |
|
| 页数: | 214页 | |
| 开本: | 24cm | |
| 丛书名: | ||
| 单 册: | ||
| 中图分类: | TU452 | |
| 科图分类: | ||
| 主题词: | 突变理论--tu bian li lun--应用--岩体动力学 | |
| 电子资源: | ||
| ISBN: | 978-7-03-021303-7 | |
| 000 | 01050nam0 2200265 450 | |
| 001 | 012009650508 | |
| 005 | 20090419101237.01 | |
| 010 | @a978-7-03-021303-7@dCNY45.00 | |
| 100 | @a20090419d2008 em y0chi0120 ea | |
| 101 | 0 | @achi |
| 102 | @aCN@b110000 | |
| 105 | @aa a 000yy | |
| 106 | @ar | |
| 200 | 1 | @a突变理论在岩体系统动力失稳中的应用@Atu bian li lun zai yan ti xi tong dong li shi wen zhong de ying yong@f潘岳, 王志强, 张勇著@Fpan yue,wang zhi qiang,zhang yong zhu |
| 210 | @a北京@c科学出版社@d2008.06 | |
| 215 | @a214页@c图@d24cm | |
| 320 | @a有书目 (第178-183页) | |
| 330 | @a本书简要介绍应用突变理论时特别注意的概念、法则及应用方式,阐述了通过广义势能驻值原理导得系统准静态形变衡方程途径采用突变理论的研究方法,对数十个岩体系统动力失稳问题的简化模型进行突变理论分析。 | |
| 606 | 0 | @a突变理论@Atu bian li lun@x应用@x岩体动力学 |
| 690 | @aTU452@v4 | |
| 701 | 0 | @a潘岳@Apan yue@4著 |
| 701 | 0 | @a王志强@Awang zhi qiang@4著 |
| 701 | 0 | @a张勇@Azhang yong@4著 |
| 801 | 0 | @aCN@bQSSK@c20090419 |
| 905 | @b737425-27@dTU452@eP261@f3 | |
| 突变理论在岩体系统动力失稳中的应用/潘岳, 王志强, 张勇著.-北京:科学出版社,2008.06 |
| 214页:图;24cm |
| ISBN 978-7-03-021303-7:CNY45.00 |
| 本书简要介绍应用突变理论时特别注意的概念、法则及应用方式,阐述了通过广义势能驻值原理导得系统准静态形变衡方程途径采用突变理论的研究方法,对数十个岩体系统动力失稳问题的简化模型进行突变理论分析。 |
| ● |
| 相关链接 |
|
|
|
正题名:突变理论在岩体系统动力失稳中的应用
索取号:TU452/P261
 
预约/预借
| 序号 | 登录号 | 条形码 | 馆藏地/架位号 | 状态 | 备注 |
| 1 | 737425 | 207374250 | 建筑库101/101建筑库 96排1列2层/ [索取号:TU452/P261] | 在馆 | |
| 2 | 737426 | 207374269 | 建筑库101/101建筑库 96排1列2层/ [索取号:TU452/P261] | 在馆 | |
| 3 | 737427 | 207374278 | 建筑库101/101建筑库 96排1列2层/ [索取号:TU452/P261] | 在馆 |